000 00260nam a22001097a 4500
008 170113b xxu||||| |||| 00| 0 eng d
020 _a9781416051909
041 _aeng
080 _28TH
_a618.2
245 _aMEDICAL-SURGICAL NURSING
_cSUBLETT, C
942 _2udc
_cBK
999 _c2847
_d2847